Statistics for Countries by AI generated video games #3

Click here to take the quiz!

General Stats

  • This quiz has been taken 27 times
  • The average score is 10 of 16

Answer Stats

Answer% Correct
China
100%
Denmark
96%
Vatican City
96%
Brazil
88%
Czech Republic
84%
Somalia
80%
Norway
76%
Argentina
72%
Vietnam
68%
Monaco
60%
Poland
56%
Estonia
48%
Ireland
40%
Saudi Arabia
32%
Belarus
24%
Cuba
24%

Score Distribution

Percentile by Number Answered

Percent of People with Each Score

Your Score History

You have not taken this quiz